100 Random Geography Questions #1 - Statistics

General Stats
  • This quiz has been taken 181 times
    100 since last reset
  • The average score is 43 of 100
Answer Stats
Hint Answer % Correct
How many stars does the US have in their flag? 50
91%
Who has the capital of Belgrade? Serbia
91%
How many countries are in oceania? 14
87%
What country has Caracas as capital city? Venezuela
78%
What are the biggest islands owned by Ecuador? Galapagos Islands
77%
What is known as the longest and thinnest country? Chile
68%
What is the smallest island nation? Nauru
68%
What country is Mount Everest located? Nepal
68%
What’s the only country to recognize Northern Cyprus? Turkey
68%
What’s the most populated island in Indonesia? Java
67%
Turkey’s capital is not the most visited, but what city is? Istanbul
64%
What’s the only country to have “East” in their name? East Timor
62%
What’s the most populated US State? California
61%
What country is shortened C.A.R? Central African Republic
61%
What country starts with H and ends with S? Honduras
61%
How many US States start with “New”? 4
59%
Where is Honolulu located? Hawaii
59%
What country is landlocked between Romania and Ukraine? Moldova
59%
What country was earlier called Burma? Myanmar
59%
What country flag is almost identical to Romania? Chad
58%
A Neutral Country not part of the European Union. Switzerland
58%
What is the capital city of Oman? Muscat
57%
What’s the biggest country that poland borders? Russia (Kaliningrad)
57%
What’s the earlier name of Eswatini? Swaziland
57%
What is the capital city of Paraguay? Asunción
55%
What’s the most common color to be on country flags? Red
55%
What is the flag of the United Kingdom called? Union Jack
55%
What is the Lake surrounded by Uganda, Kenya and Tanzania called? Lake Victoria
54%
What’s the most populated country in Africa? Nigeria
54%
Kosovo got independence from… Serbia
54%
What’s the youngest country as in 2025? South Sudan
54%
What country is known as the twin of Qatar? Bahrain
51%
PIZZA PIZZA!!! Italy
51%
What is the smallest double landlocked country? Liechtenstein
51%
Which country borders Namibia, Zambia and the DRC? Angola
49%
What country has one of the smallest coastlines? (Thanks to Croatia) Bosnia and Herzegovina
49%
What is the only landlocked country in Southeast Asia? Laos
49%
How many countries are there on earth? (Excluding Palestine) 196
48%
How many continents are there on earth? 7
48%
What sea is between Azerbaijan and Uzbekistan? Caspian Sea
48%
What’s the biggest landlocked country? Kazakhstan
48%
Georgia, Armenia and Azerbaijan have a region called? Caucasus
46%
What only country is on all four hemispheres? Kiribati
46%
What African country can be called the copy of the USA? Liberia
46%
What is the capital city of Somalia? Mogadishu
46%
What is the capital city of India? New Delhi
46%
What’s the smallest country in africa that has 4 letters? Togo
46%
Which country flag has purple in it? Dominica
45%
What country starts with E and ends with T? Egypt
45%
What is the biggest dry desert on earth? Sahara
45%
What is the biggest double landlocked country? Uzbekistan
45%
What is the biggest non-Scandinavian country, that is a Nordic? Finland
43%
What point separates europe and Africa? Gibraltar
43%
What’s the flattest country in Europe? Netherlands
43%
This country has been wanting to join the Nordics, but was declined. Estonia
42%
What is the least populated country in Asia? Maldives
42%
What is the smallest non-Scandinavian country, that is a Nordic? Iceland
41%
What’s the only country to have 3 capital cities? South Africa
41%
What country in africa has 2 capital cities? Benin
39%
What is the full name of Micronesia? Federated States of Micronesia
39%
What country starts with F and ends with I? Fiji
39%
What’s the biggest territory owned by any country? Greenland
39%
What is the capital city if Niger? Niamey
39%
What’s the least populated US State? Wyoming
39%
Which Caribbean Country has a sunset on its flag? Antigua and Barbuda
38%
What asian country features a tree on their flag? Lebanon
38%
Which country owns Cook Islands? New Zealand
38%
In what country is Abkazia and South Ossetia located? Georgia
36%
Haiti and the Dominican Republic is on the island of… Hispaniola
36%
What country has the most islands? Sweden
36%
A Double headed animal is common on flags. What type of animal? Eagle
35%
What’s the smallest country in North America? Saint Kitts and Nevis
35%
What country has the most pyramids? Sudan
35%
What is the biggest non-dry desert on earth? Antarctica
33%
What flag is the most similar to Mali’s flag? Guinea
33%
What are you called if you’re from Morocco? Moroccan
33%
What is the youngest nation to have its own map shape on its flag? Kosovo
32%
What’s the most northern providence in Canada? Nunavut
32%
Latvia is located in what region? The Baltics
32%
This country’s capital is the country’s name minus ia. Tunisia
32%
What is the biggest balkan country? Romania
28%
What’s the biggest empire in history called? British Empire
23%
What’s the most colonial country? France
23%
What’s the only country to be confirmed not having red, blue or white in their flag? Jamaica
23%
What is the biggest territory owned by Norway? Svalbard
23%
What is the most square looking country? (Hint: It’s in Central Africa) Equatorial Guinea
22%
What does the text on Brazil’s Flag say? Ordem E Progresso
22%
What’s the most similar country flag to Samoa? Taiwan
22%
What are you called if you’re from Suriname? Surinamese
19%
The background of Iraq, Egypt and Sudan is the flag of… Yemen
19%
What is the longest country name in North America? Saint Vincent and The Grenadines
17%
What country has the nearest population to 100 000 000 people? Vietnam
17%
What country flag could be called the inverted Thailand flag? Costa Rica
16%
What territory has a union jack and a yellow background? Niue
14%
What Island nation has a Dragon on their flag? Malta
12%
Malawi owns a big lake in africa, what’s this lake called? Lake Malawi
10%
What is the biggest South American jungle? Amazonas
9%
What North American country is one of the only flags to have pink on them? Mexico
7%
What country has the most colors in their flag? Belize
6%
What country has lost the most territory throughout its history? Vatican City
4%
No matching quizzes found
Score Distribution
Percent of People with Each Score
Percentile by Number Answered
Your Score History
You have not taken this quiz since the last reset